000 01422nam a2200349Ia 4500
001 ebr10508776
003 CaPaEBR
006 m u
007 cr cn|||||||||
008 110510s2011 nyua sb 001 0 eng d
010 _z 2011020007
020 _z9780801450129
020 _z9780801463075
020 _z9780801477294
040 _aCaPaEBR
_cCaPaEBR
035 _a(OCoLC)760905967
050 1 4 _aJV7419
_b.R45 2011eb
082 0 4 _a305.868/7283073
_223
100 1 _aReichman, Daniel R.
_q(Daniel Ross),
_d1976-
245 1 4 _aThe broken village
_h[electronic resource] :
_bcoffee, migration, and globalization in Honduras /
_cDaniel R. Reichman.
260 _aIthaca :
_bILR Press,
_c2011.
300 _ax, 209 p. :
_bill.
504 _aIncludes bibliographical references and index.
533 _aElectronic reproduction.
_bPalo Alto, Calif. :
_cebrary,
_d2011.
_nAvailable via World Wide Web.
_nAccess may be limited to ebrary affiliated libraries.
650 0 _aCoffee industry
_xSocial aspects
_zHonduras.
651 0 _aHonduras
_xEmigration and immigration
_xSocial aspects.
651 0 _aUnited States
_xEmigration and immigration
_xSocial aspects.
651 0 _aHonduras
_xRural conditions.
655 7 _aElectronic books.
_2local
710 2 _aebrary, Inc.
856 4 0 _uhttp://site.ebrary.com/lib/rucke/Doc?id=10508776
_zAn electronic book accessible through the World Wide Web; click to view
999 _c116775
_d116775